|
|
|
|
| LEADER |
01862nam a2200529 i 4500 |
| 001 |
001822206 |
| 003 |
CZ BrMZK |
| 005 |
20220715080102.0 |
| 007 |
ta |
| 008 |
220502s2022 xo a e 000 0dslo |
| 020 |
|
|
|a 978-80-89898-20-6
|q (brožováno)
|
| 040 |
|
|
|a BOA001
|b cze
|e rda
|
| 043 |
|
|
|a e-xr---
|a e-un---
|
| 045 |
|
|
|a x-x-
|
| 072 |
|
7 |
|a 75
|x Malířství
|2 Konspekt
|9 21
|
| 080 |
|
|
|a 75(437.3)
|2 MRF
|
| 080 |
|
|
|a 75.021.32
|2 MRF
|
| 080 |
|
|
|a 726.54-035.3
|2 MRF
|
| 080 |
|
|
|a 726:271-528.8-523.42
|2 MRF
|
| 080 |
|
|
|a 7.04
|2 MRF
|
| 080 |
|
|
|a (437.3)
|2 MRF
|
| 080 |
|
|
|a (477.87)
|2 MRF
|
| 080 |
|
|
|a (048.8)
|2 MRF
|
| 080 |
|
|
|a (084.11)
|2 MRF
|
| 100 |
1 |
|
|a Sklenčár, Peter,
|d 1962-
|7 mzk2015860826
|4 aut
|4 pht
|
| 245 |
1 |
0 |
|a Drevené kostolíky na akvareloch Karla Tomana /
|c Peter Sklenčár
|
| 246 |
1 |
4 |
|a Toman
|
| 264 |
|
1 |
|a [Sečovce] :
|b Pastel,
|c 2022
|
| 300 |
|
|
|a 52 stran :
|b ilustrace (převážně barevné) ;
|c 30 cm
|
| 336 |
|
|
|a text
|b txt
|2 rdacontent
|
| 336 |
|
|
|a statický obraz
|b sti
|2 rdacontent
|
| 337 |
|
|
|a bez média
|b n
|2 rdamedia
|
| 338 |
|
|
|a svazek
|b nc
|2 rdacarrier
|
| 504 |
|
|
|a Obsahuje bibliografii
|
| 600 |
1 |
7 |
|a Toman, Karel,
|d 1889-1965
|7 jo20221153870
|2 czenas
|
| 648 |
|
7 |
|a 20. století
|7 ch460558
|2 czenas
|
| 650 |
0 |
7 |
|a české malířství
|7 ph116864
|y 20. století
|2 czenas
|
| 650 |
0 |
7 |
|a akvarely
|7 ph118334
|z Česko
|y 20. století
|2 czenas
|
| 650 |
0 |
7 |
|a dřevěné kostely
|7 ph119751
|z Podkarpatská Rus
|2 czenas
|
| 650 |
0 |
7 |
|a řeckokatolické kostely
|7 ph1025121
|z Podkarpatská Rus
|2 czenas
|
| 650 |
0 |
7 |
|a umělecké náměty
|7 ph138227
|2 czenas
|
| 655 |
|
7 |
|a studie
|7 fd133597
|2 czenas
|
| 655 |
|
7 |
|a obrazové publikace
|7 fd132947
|2 czenas
|
| 910 |
|
|
|a BOA001
|b 4-1488.224
|
| 990 |
|
|
|a BK
|
| 991 |
|
|
|b 202207
|c NOV
|
| 996 |
7 |
|
|b 2610906014
|c 4-1488.224
|l MZK
|r Sklad / do 1 hodiny
|n 0
|p dar
|w 001889825
|u 000010
|a 1
|e BOA001
|j MZK50
|s A
|